Phasmophobia test - Statystyki

Ogólne statystyki
  • Ten quiz został rozwiązany 82 razy
  • Średni wynik to 19 z 65
Statystyki odpowiedzi
Typ Odpowiedź % Poprawnych
Duch Spirit
85%
Duch Banshee
83%
Duch Demon
77%
Duch Mimic
77%
Duch Twins
72%
Duch Yokai
72%
Duch Mare
70%
Duch Deogen
68%
Duch Oni
68%
Duch Thaye
68%
Duch Obake
66%
Duch Poltergeist
66%
Duch Revenant
66%
Duch Goryo
64%
Duch Moroi
64%
Duch Onryo
64%
Duch Raiju
64%
Duch Shade
64%
Duch Wraith
64%
Duch Hantu
62%
Duch Yurei
60%
Duch Jinn
57%
Duch Phantom
53%
Duch Myling
47%
Przedmiot podstawowy Latarka
26%
Mapa 6 Tanglewood Drive
17%
Przedmiot dodatkowy Kadzidło
17%
Przedmiot podstawowy Latarka UV
15%
Przedmiot dodatkowy Krucyfiks
13%
Przedmiot podstawowy Termometr
13%
Mapa Bleasdale Farmhouse
11%
Przeklęty przedmiot Laleczka VooDoo
11%
Przeklęty przedmiot Pozytywka
11%
Przedmiot dodatkowy Zapalniczka
11%
Mapa 13 Willow Street
9%
Mapa Camp Woodwind
9%
Przedmiot podstawowy Czytnik EMF
9%
Mapa Grafton Farmhouse
9%
Przeklęty przedmiot Karty Tarota
9%
Przedmiot podstawowy Projektor DOTS
9%
Przedmiot dodatkowy Sól
6%
Przeklęty przedmiot Tablica Ouija
6%
Mapa Więzienie
6%
Mapa 42 Edgefield Road
4%
Mapa(usunięta) Azyl
4%
Mapa Brownstone High School
4%
Przedmiot dodatkowy Czujnik Ruchu
4%
Przedmiot dodatkowy Mikrofon Paraboliczny
4%
Przeklęty przedmiot Nawiedzone Lustro
4%
Mapa Point Hope
4%
Przedmiot podstawowy Spirit Box(Pudełko Ducha)
4%
Mapa 10 Ridgefield Court
2%
Przedmiot dodatkowy Kamera Fotograficzna
2%
Przedmiot podstawowy Kamera Wideo
2%
Przeklęty przedmiot Krąg Przyzywający
2%
Przedmiot podstawowy Książka na pismo ducha
2%
Przeklęty przedmiot Łapa Małpy
2%
Mapa Maple Lodge Campsite
2%
Przedmiot dodatkowy Stojak
2%
Mapa Sunny Meadows Mental Institution
2%
Mapa Sunny Meadows Mental Institution Restricted
2%
Przedmiot dodatkowy Świeca
2%
Przedmiot dodatkowy Wykrywacz dźwięku
2%
Przedmiot dodatkowy Gogle
0%
Przedmiot dodatkowy Tabletki Sanity
0%
Nie znaleziono quizów pasujących do podanych kryteriów
Rozkład punktacji
Procent ludzi z każdym wynikiem
Percentyl według liczby udzielonych odpowiedzi
Twoja historia wyników
Nie rozwiązałeś tego quizu